000 00645 a2200217 4500
999 _c4230
_d4230
010 _aENG-86204
020 _a0070635668
_c275.00
020 _a9780070635661
035 _aEN-69737
037 _bDBAD / PUB
082 1 4 _a574
100 1 _aVinay Kumar
245 1 _aQuestion bank in biology :
_cby Vinay Kumar
_bfor class XI /
250 _a3rd ed.
260 _aNew Delhi
_bTata McGraw-Hill Publishing
_c2007
270 _a7, West Patel Nagar
_bNew Delhi
_e110008
300 _ax, 567 p.
_c24 cm. (Pbk)
_bill.
490 _aTata McGraw-Hill's question bank series
650 0 _aBiology
942 _adpl
_cEN
_2ddc
_h574
_mVIN